000 00612nam a2200169 i 4500
001 52550
003 ES-MaACL
005 20230906162612.0
007 t|
008 030901s1956 sp ||||1| spa d
100 1 _aDavis, Calvin Victor.
_942954
245 1 0 _aTratado de hidraúlica aplicada /
_cpor Victor Calvin Davis ; traducción de la segunda edición norteamericana dirigida por I. Lana Sarrate.
260 _aBarcelona :
_bLabor,
_c1956 (
_fTalls. Gráfs. Iberoamericanos)
300 _a1330 p. :
_bil., 17 gráfs. ;
_c23 cm.
700 1 _aLana Sarrate, I.
_969888
852 _aES-MaACL
_jC-11738
_bR.39514
999 _c52550
_d52550